GE1 Karttakoe maailma - Statistics

Yleistilastot
  • Tätä visaa on pelattu 53 kertaa
  • Keskiarvotulos 18 / 91
Vastaukset kartalla
Vastauksille on annettu kartalla punavihreä väri sen mukaan, kuinka moni on saanut sen oikein.
 
Vastaustilastot
Vastaus % Oikein
Amazon
89%
Antarktis
50%
Mississippi
44%
Intian Valtameri
39%
Itämeri
39%
New York
39%
Niili
39%
Välimeri
39%
Arktis
33%
Atlantin valtameri
33%
Bangkok
33%
Istanbul
33%
Kanariansaaret
33%
Kaspianmeri
33%
Meksikonlahti
33%
Siperia
33%
Iso Victorian Aavikko
28%
Kairo
28%
Lagos
28%
México (kaupunki)
28%
Persianlahti
28%
Rio de Janeiro
28%
Sahara
28%
Soul
28%
Tsad
28%
Yhdysvaltojen tornadokuja
28%
Andit
22%
Aral
22%
Bengalinlahti
22%
Buones Aires
22%
Galapagossaaret
22%
Karibianmeri
22%
Keltainenjoki
22%
Los Angeles
22%
Missouri
22%
Mt. Everest
22%
Mt. McKinley / Denali
22%
Murray
22%
Peking
22%
Sao Paulo
22%
Tonava
22%
Tyynenmeren tulirengas (länsi)
22%
Volga
22%
Atlantin keskiselänne
17%
Gobi
17%
Havaiji
17%
Himalaja
17%
Iso Hautavajoama
17%
Kaukasus
17%
Mekong
17%
Namib
17%
Shanghai
17%
Sumatra
17%
Tokio
17%
Atacama
11%
Brahmaputra
11%
Delhi
11%
St. Lawrence
11%
Fuji
11%
Fukushima
11%
Ganges
11%
Iso Valliriutta
11%
Jaava
11%
Kalahari
11%
Kalkutta
11%
Kilimanjaro
11%
Lena
11%
Manila
11%
Mauna Loa
11%
Mumbai
11%
Osaka
11%
Popocatepétl
11%
Rub al-Khali
11%
Sahel (aavikoituva alue)
11%
Teheran
11%
Tyynenmeren tulirengas (itä)
11%
Tyyni Valtameri
11%
Yellowstone
11%
Darling
6%
Jakarta
6%
Kalliovuoret
6%
Karachi
6%
Merapi
6%
Mojave
6%
San Andreasin siirros
6%
St. Helens
6%
Thar
6%
Cotopaxi
0%
Pinatubo
0%
Krakatau
0%
Ruapehu
0%
Ehtoja vastaavia visoja ei löytynyt
Tulosjakauma
Jokaisen tuloksen saaneiden osuus
Persentiili vastausten määrän mukaan
Tuloshistoriasi
Et ole pelannut tätä visaa